000 00279nam a2200121Ia 4500
008 191201s2012 xx 000 0 und d
100 _aLIPCHUTZ,Seymour
245 0 _aData structures
250 _aRep
260 _c2012
_bTMH
_aNEW DELHI
300 _aMISC.
942 _2ddc
_cBK
_0257
999 _c7794
_d7794